000 00292nam a2200109Ia 4500
008 190216s9999||||xx |||||||||||||| ||und||
100 _aVidvan K Prakasham
245 0 _a"Vyasamahabharatham Vol 10 To 15.17,19,21,22"
260 _bVyasabhavan Palazhi
650 _aEssay Malayalam
942 _cBK
999 _c25071
_d25071